Statistics for Book of Psalms Quiz

Click here to take the quiz!

General Stats

  • This quiz has been taken 8 times
  • The average score is 13 of 15

Answer Stats

QuestionAnswer% Correct
Original language in which the Psalms were writtenHebrew
100%
Language from which the word 'Psalm' is derivedGreek
100%
Part of the Bible where the Book of Psalms is foundOld Testament
100%
King to which many of the psalms are accreditedDavid
100%
Instrument mentioned on numerous occasions, which this king was said to be adept withLyre
100%
Form of literature used throughout the PsalmsPoetry
100%
Perhaps the most famous Psalm, 23, begins with this line:The LORD is my {Shepherd}
100%
Number of Psalms in most Western Christian and Jewish traditions150
88%
Psalms 72 and 127 may or may not have been authored by this kingSolomon
88%
Number of verses in Psalm 117, making it the shortest chapter in the Bible2
88%
Psalm with 176 verses, making it the longest chapter in the Bible119
88%
Book of wisdom which typically follows immediately after the PsalmsProverbs
88%
Psalm 151, accepted as canonical by some Eastern branches of Christianity, concerns David's fight with _______Goliath
75%
Hebrew word, found 71 times in the Book of Psalms, with no known translationSelah
63%
Orthodox Christians often use this psalm when preparing for this rite/ceremonyEucharist
38%

Score Distribution

Percentile by Number Answered

Percent of People with Each Score

Your Score History

You have not taken this quiz